000
00306nam a22001337a 4500
008
260309b |||||||| |||| 00| 0 eng d
040
_a
04
100
_a
PRASAD, L. M
245
_a
ORGANIZATIONAL BEHAVIOUR
260
_a
SULTAN CHAND
300
_a
549
650
_a
ORGANIZATIONAL BEHAVIOUR
942
_c
02
999
_c
67110
_d
67110